| 000 | 00906nam a2200229 i 4500 | ||
|---|---|---|---|
| 001 | 164426 | ||
| 003 | ES-MaACL | ||
| 005 | 20230906212932.0 | ||
| 008 | 931025s1786 sp |||| | spa d | ||
| 100 | 1 |
_aSalazar y Olarte, Ignacio de. _9101833 |
|
| 245 | 1 | 0 |
_aHistoria de la conquista de Mexico, población, y progresos ... _b: segunda parte / _cescribiala don Ignacio de Salazar y Olarte... |
| 250 | _aSegunda edicion. | ||
| 260 |
_aEn Madrid : _ben la Imprenta de Benito Cano, _c1786. |
||
| 300 |
_a[36], 472 p. ; _cFol. (30 cm) |
||
| 597 | 1 | _aSign.: *\p4\s, a-c\p4\s, d\p2\s, A-Z\p4\s, 2A-2Z\p4\s, 3A-3N\p4\s. | |
| 597 | 1 | _aTexto a dos col. | |
| 650 | 4 |
_aMéxico- _xHistoria- _y1517-1521, Descubrimiento y conquista. _9188142 |
|
| 700 | 1 | 1 |
_aCano, Benito, _eimp. _9126313 |
| 752 |
_aEspaña - _dMadrid |
||
| 852 |
_aES-MaACL _jR-137 _z-- Enc. pasta _d-- Olim: B-11464 |
||
| 999 |
_c164426 _d164426 |
||